La que se avecina Apodos - Estadísticas

Estadísticas generales
  • Esta prueba ha sido intentada 937 veces
  • La puntuación promedio es 8 de 35
Estadísticas de respuestas
Nombre Original Apodo % Correcto
Maite Figueroa Cuqui
69%
Vicente Maroto El hombre cojín
64%
Antonio Recio Rancio
58%
Nines Chacon El Bicho
52%
Bruno Quiroja El Pianista Loco
51%
Maxi Ángulo Mente Fría
46%
Fermín Trujillo Espetero Playero
45%
Lola Trujillo La Chihuahua
44%
Gregoria Guitierrez Doña Croqueta
39%
Menchu Carrascosa Tanqueta
38%
Leo Romaní El friki
35%
Amador Rivas El Limpia Cacas
35%
Amador Rivas Gañan
34%
Coque Catatrava El tonto
30%
Fermín Trujillo Gorrilla
26%
Judith Becker La come cocos
18%
Alba Recio El Travelo
16%
Araceli Madariaga La bollera Mística
13%
Berta Escobar Son Quisquilla
12%
Enrique Pastor El Concejalucho
10%
Doña Fina La Vieja Maldita
10%
Maite Figueroa La Coneja
9%
Estela Reynolds Garrapata
8%
Teodoro Rivas DJ Theo con H intercalada
7%
Raquel Villanueva La Barbie
7%
Izaskun La Lesbiana
6%
Mari Tere La Lesbiana
6%
Maite Figueroa La Zurra Sardinas
6%
Estela Reynolds Borracha
5%
Lola Trujillo La Anorexica
5%
Judith Becker La Guarilla Peliroja
4%
Doña Charo La Pastillera
4%
Bruno Quiroja El Brandengue
3%
Rebeca Ortiz Guarilla Picapleitors
3%
Reyes La padrastra
3%
No se encontraron pruebas coincidentes
Distribución de puntuación
Porcentaje de gente con cada puntuación
Porcentaje por número respondido
Historial de tus puntuaciones
No has intentado esta prueba.